Central Library OPAC University of Rajshahi

পশ্চিম বাংলার পাথি / (Record no. 39664)

MARC details
000 -LEADER
fixed length control field 01115nam a2200241 a 4500
001 - CONTROL NUMBER
control field 39664
003 - CONTROL NUMBER IDENTIFIER
rucl marc code BD-RjUL
005 - DATE AND TIME OF LATEST TRANSACTION
control field 20211209053033.0
008 - FIXED-LENGTH DATA ELEMENTS--GENERAL INFORMATION
fixed length control field 160416r20071994ii a||| |||| 00| 0 ben d
020 ## - INTERNATIONAL STANDARD BOOK NUMBER
International Standard Book Number 817215254x
Terms of availability : TK. 275.00
035 ## - SYSTEM CONTROL NUMBER
System control number (BD-RjUL)39777
040 ## - CATALOGING SOURCE
Original cataloging agency BD-RjUL
Language of cataloging ben
Transcribing agency BD-RjUL
041 ## - LANGUAGE CODE
Language code of text/sound track or separate title ben
082 ## - DEWEY DECIMAL CLASSIFICATION NUMBER
Edition number 23
Classification number 598.095414
Author mark and year SAP 2007
100 ## - MAIN ENTRY--PERSONAL NAME
Personal name সান্যাল, প্রণবেশ
9 (RLIN) 122170
245 10 - TITLE STATEMENT
Title পশ্চিম বাংলার পাথি /
Statement of responsibility, etc. প্রণবেশ সান্যাল, বিশ্বজিৎ রায়চৌধুরী
260 ## - PUBLICATION, DISTRIBUTION, ETC. (IMPRINT)
Place of publication, distribution, etc. কলকাতা :
Name of publisher, distributor, etc. আনন্দ পাবলিশার্স প্রাইভেট লিমিটেড,
Date of publication, distribution, etc. ১৯৯৪ [ মুদ্রণ ২০০৭ ]
300 ## - PHYSICAL DESCRIPTION
Pagination ১০২, [৬০] পৃ. প্লেট :
Illustrations চিত্র ;
Size ২১ সেমি.
650 ## - SUBJECT ADDED ENTRY--TOPICAL TERM
Topical term or geographic name as entry element পাথি
Geographic subdivision পশ্চিম বাংলা
-- ভারত
9 (RLIN) 122171
Topical term or geographic name as entry element Birds
Geographic subdivision West Bengal
-- India
9 (RLIN) 122173
700 ## - ADDED ENTRY--PERSONAL NAME
Personal name রায়চৌধুরী, বিশ্বজিৎ
942 ## - ADDED ENTRY ELEMENTS (KOHA)
Source of classification or shelving scheme Dewey Decimal Classification
Koha item type Books
Holdings
Lost status Source of classification or shelving scheme Damaged status Not for loan Permanent Location Current Location Shelving location Date acquired Source of acquisition Cost, normal purchase price Total Checkouts Full call number Date last seen Copy number Koha item type
  Dewey Decimal Classification   Not For Loan Central Library, University of Rajshahi Central Library, University of Rajshahi Reading Room 28/06/2015 Batighor, Chittagong 275.00   B 598.095414 SAP 2007 16/04/2016 C-1 Books